000 02024nam0a2200409 4500
001 RU\NLR\bibl\401718
005 20260408154934.0
010 _a5-89135-239-7
021 _aRU
_b2003-11120
_9510
035 _a(NLR Aleph) 000395874
090 _a544580
_c544580
100 _a20030425d2003 u y0rusy50 ca
101 0 _arus
102 _aRU
105 _aa |||||||||
200 1 _aМедицинская сестра ЦСО (Автоклавер)
_e[Сб. нормат. документов по работе ЦСО
205 _a2-е изд.]
210 _aМ.
_cГрантъ
_d2003
215 _a176 с.
_cсхем.
_d20
225 1 _aБиблиотека главной (старшей) медицинской сестры
606 0 _aМедицинские сестры стерилизационных отделений лечебно-профилактических учреждений
_jНормативные и руководящие материалы
_xОрганизация работы
_92292181
_3RU\NLR\auth\661372727
606 0 _aМедицинские сестры стерилизационных отделений лечебно-профилактических учреждений
_jНормативные документы
_xОрганизация работы
_92292181
_3RU\NLR\auth\661372727
606 _aСтерилизация (мед.)
_jНормативные и руководящие материалы
_3RU\NLR\auth\66137199
_91143810
606 _aСтерилизация (мед.)
_jНормативные документы
_3RU\NLR\auth\66137199
_91143810
610 0 _aСтерилизация (мед.)
610 0 _aДезинфекция
675 _a614.253.25(083.74)
_v3
_zrus
686 _a76.75
_2rugasnti
686 _a51.1(2)2
_2rubbk
686 _aР11(2)л71п92я86
686 _aР450.1я86
801 0 _aRU
_bRKP
_c20030425
_gPSBO
801 1 _aRU
_bRKP
_c20030425
801 2 _aRU
_bNLR
_c20030620
_grcr
942 _cBOOK
980 _aNB